Madre De Cacao (Gliricidiasepium) as an alternative fertilizer on eggplant / (Record no. 2975)

MARC details
000 -LEADER
fixed length control field 02935nam a22003137a 4500
003 - CONTROL NUMBER IDENTIFIER
control field OSt
005 - DATE AND TIME OF LATEST TRANSACTION
control field 20240526230255.0
008 - FIXED-LENGTH DATA ELEMENTS--GENERAL INFORMATION
fixed length control field 240405b ||||| |||| 00| 0 eng d
040 ## - CATALOGING SOURCE
Language of cataloging English.
Transcribing agency CvSU-CCAT Campus Library.
Description conventions rda.
050 ## - LIBRARY OF CONGRESS CALL NUMBER
Classification number UM S 633
Item number C67 2015
100 ## - MAIN ENTRY--PERSONAL NAME
Personal name Cordero, Jasper Ian A., author.
9 (RLIN) 10354
245 ## - TITLE STATEMENT
Title Madre De Cacao (Gliricidiasepium) as an alternative fertilizer on eggplant /
Statement of responsibility, etc. Jasper Ian A. Cordero, Karla Izza Mae P. Erestain, and Dhanlyn Rose R. Perez.
260 ## - PUBLICATION, DISTRIBUTION, ETC.
Place of publication, distribution, etc. Rosario, Cavite :
Name of publisher, distributor, etc. Cavite State University-CCAT Campus,
Date of publication, distribution, etc. 2015.
300 ## - PHYSICAL DESCRIPTION
Extent vii, 41 leaves :
Other physical details illustrations ;
Dimensions 28 cm
500 ## - GENERAL NOTE
General note Undergraduate Research Paper (LSHS) -- Cavite State University-CCAT Campus, 2015.
504 ## - BIBLIOGRAPHY, ETC. NOTE
Bibliography, etc. note Includes bibliographical references and appendices.
520 ## - SUMMARY, ETC.
Thesis Abstract <a href="CORDERO, JASPER IAN A., ERESTAIN KARLA IZZA MAE P., AND PEREZ DHANLYN ROSE R., Madre de Cacao (Gliricidiasepium) as an alternative fertilizer on eggplants. Applied Research IV, Science Education Laboratory School, Cavite State University-Rosario Campus 2015, Adviser: Ms. Ruth Angeli L. Burton.<br/><br/>The research study entitled, Madre de Cacao (Gliricidiasepium) as an alternative fertilizer on eggplants was undertaken at Cavite State University-Rosario Campus from October 2014 to February 2015. The study focused on the application of Madre de cacao as an alternative fertilizer to eggplant. This study determined the significant difference between commercial fertilizers and of Madre de cacao fertilizer on eggplant.<br/><br/>The first treatment was without fertilizer To (normal) the researcher only used water in the plant. The two remaining treatments consisted of Urea fertilizer (T-1 tablespoon of commercialized urea fertilizer) and fermented Madre de cacao solution (T2- 50 ml of fermented Madre de cacao fertilizer). The application of fertilizer was done every other week within 12 weeks and the gathering of data was done every week.<br/><br/>With the use of one way analysis of variance (ANOVA) method as the statistical treatment, the researchers found out that T2 (Madre De Cacao fertilizer) is neutrally effective when used on eggplant and compared to To (Normal), it is effective when compared to T. (Urea Based Fertilizer) in terms of the length of the stem, number of leaves and number of florescence. In terms of the physical appearance of the plant T2(Madre De Cacao fertilizer) is effective when compared to the other two treatments.">CORDERO, JASPER IAN A., ERESTAIN KARLA IZZA MAE P., AND PEREZ DHANLYN ROSE R., Madre de Cacao (Gliricidiasepium) as an alternative fertilizer on eggplants. Applied Research IV, Science Education Laboratory School, Cavite State University-Rosario Campus 2015, Adviser: Ms. Ruth Angeli L. Burton.<br/><br/>The research study entitled, Madre de Cacao (Gliricidiasepium) as an alternative fertilizer on eggplants was undertaken at Cavite State University-Rosario Campus from October 2014 to February 2015. The study focused on the application of Madre de cacao as an alternative fertilizer to eggplant. This study determined the significant difference between commercial fertilizers and of Madre de cacao fertilizer on eggplant.<br/><br/>The first treatment was without fertilizer To (normal) the researcher only used water in the plant. The two remaining treatments consisted of Urea fertilizer (T-1 tablespoon of commercialized urea fertilizer) and fermented Madre de cacao solution (T2- 50 ml of fermented Madre de cacao fertilizer). The application of fertilizer was done every other week within 12 weeks and the gathering of data was done every week.<br/><br/>With the use of one way analysis of variance (ANOVA) method as the statistical treatment, the researchers found out that T2 (Madre De Cacao fertilizer) is neutrally effective when used on eggplant and compared to To (Normal), it is effective when compared to T. (Urea Based Fertilizer) in terms of the length of the stem, number of leaves and number of florescence. In terms of the physical appearance of the plant T2(Madre De Cacao fertilizer) is effective when compared to the other two treatments.</a>
546 ## - LANGUAGE NOTE
Language note In English text.
650 ## - SUBJECT ADDED ENTRY--TOPICAL TERM
Topical term or geographic name entry element Fertilizer.
9 (RLIN) 10355
650 ## - SUBJECT ADDED ENTRY--TOPICAL TERM
Topical term or geographic name entry element Commercial fertilizer.
9 (RLIN) 10356
650 ## - SUBJECT ADDED ENTRY--TOPICAL TERM
Topical term or geographic name entry element Madre de Cacao.
9 (RLIN) 10357
650 ## - SUBJECT ADDED ENTRY--TOPICAL TERM
Topical term or geographic name entry element Fermented fertilizer.
9 (RLIN) 10358
650 ## - SUBJECT ADDED ENTRY--TOPICAL TERM
Topical term or geographic name entry element ANOVA.
9 (RLIN) 10359
700 ## - ADDED ENTRY--PERSONAL NAME
Personal name Erestain, Karla Izza Mae P., author.
9 (RLIN) 10360
700 ## - ADDED ENTRY--PERSONAL NAME
Personal name Perez, Dhanlyn Rose R., author.
9 (RLIN) 10361
700 ## - ADDED ENTRY--PERSONAL NAME
Personal name Burton, Ruth Angeli L., adviser.
9 (RLIN) 5675
942 ## - ADDED ENTRY ELEMENTS (KOHA)
Source of classification or shelving scheme Library of Congress Classification
Koha item type Thesis/Manuscripts/Dissertations
Classification part S 633 C67 2015
Call number prefix UM
Holdings
Withdrawn status Lost status Source of classification or shelving scheme Damaged status Not for loan Collection code Home library Current library Shelving location Date acquired Coded location qualifier Full call number Barcode Date last seen Copy number Price effective from Koha item type
    Library of Congress Classification     Thesis/Manuscript/Dissertation Cavite State University - CCAT Campus Cavite State University - CCAT Campus TH 04/05/2024 UM UM S 633 C67 2015 T00086 10/24/2025 c.1 04/05/2024 Thesis/Manuscripts/Dissertations
    Library of Congress Classification     Thesis/Manuscript/Dissertation Cavite State University - CCAT Campus Cavite State University - CCAT Campus TH 04/05/2024 UM UM S 633 C67 2015 T00117 10/24/2025 c.2 04/05/2024 Thesis/Manuscripts/Dissertations